Volte dobře slova

Jazyk v reklame z legislatívneho pohľadu. Zakázané slová. Použitie niektorých slov s podmienkou. Sex nie je tabu. Reklamy pre deti. Kreatívny, vtipný jazyk aj s miernou nadsázkou.

Saved in:
Bibliographic Details
Main Author: Kůta, Petr
Format: Book Chapter
Language:Czech
Subjects:
Tags: Add Tag
No Tags, Be the first to tag this record!

MARC

LEADER 00000naa$a2200000$$$4500
001 0113610
005 20231019094207.6
041 0 |a cze 
044 |a CZ 
245 1 0 |a Volte dobře slova  |c Petr Kůta 
520 |a Jazyk v reklame z legislatívneho pohľadu. Zakázané slová. Použitie niektorých slov s podmienkou. Sex nie je tabu. Reklamy pre deti. Kreatívny, vtipný jazyk aj s miernou nadsázkou. 
610 2 0 |a reklama 
610 2 0 |a propagácia 
610 2 0 |a legislatíva 
610 2 0 |a regulácia štátna 
610 2 0 |a jazyk štátny 
610 2 0 |a deti 
610 2 0 |a predpisy právne 
100 1 |a Kůta, Petr